Key Cities and Towns of Hawaii - Statistics

General Stats
  • This quiz has been taken 8 times
  • The average score is 8 of 29
Answer Stats
Island Answers % Correct
O'ahu Honolulu
100%
Hawai'i Hilo
88%
O'ahu Pearl City
63%
O'ahu Ewa Beach
38%
O'ahu Kailua
38%
Kaua'i Lihu'e
38%
Hawai'i Waimea
38%
Kaua'i Waimea
38%
Hawai'i Honoka'a
25%
Maui Kahului
25%
Hawai'i Kailua-Kona
25%
O'ahu Kane'ohe
25%
Maui Kihei
25%
Maui Lahaina
25%
Maui Makawao
25%
O'ahu Mililani
25%
Hawai'i Volcano
25%
Maui Wailuku
25%
O'ahu Waipahu
25%
O'ahu Hale'iwa
13%
Maui Hana
13%
Kaua'i Hanalei
13%
Kaua'i Kapa'a
13%
Moloka'i Kaunakakai
13%
Lana'i Lana'i City
13%
Hawai'i Pahoa
13%
Kaua'i Princeville
13%
O'ahu Wai'anae
13%
Kaua'i Po'ipu
0%
No matching quizzes found
Score Distribution
Percent of People with Each Score
Percentile by Number Answered
Your Score History
You have not taken this quiz